| 000 | 00371cam a22001097a 4500 | ||
|---|---|---|---|
| 008 | 180718b1976 xxu||||| |||| 00| 0 eng d | ||
| 082 | _aL1 PB/15/76 | ||
| 245 | _aBackground material of the fifth course on performence budgeting (April 5-17, 1976) | ||
| 260 |
_aNew Delhi _bIndian Institute of Public Administration _c1976 |
||
| 300 | _av.p. | ||
| 650 | _aPerformance budgeting | ||
| 999 |
_c502223 _d502223 |
||